Normal view
MARC view
Entry Personal Name
001 - CONTROL NUMBER
- control field: 74110
003 - CONTROL NUMBER IDENTIFIER
- control field: dpl
005 - DATE AND TIME OF LATEST TRANSACTION
- control field: 20241127120248.0
008 - FIXED-LENGTH DATA ELEMENTS
- fixed length control field: 241127|| aca||aabn | a|a d
040 ## - CATALOGING SOURCE
- Original cataloging agency: dpl
- Transcribing agency: dpl
100 ## - HEADING--PERSONAL NAME
- Personal name: Gupta, Pramod Kumar
670 ## - SOURCE DATA FOUND
- Source citation: Work cat.: (dpl)207052: Gupta, Pramod Kumar , Living Through Times/, 2025
